Datum a čas kvízu
23.5
Celkem bodů
Celkový počet nahraných bodů na tomto kvízu bez doplňovacích otázek.
7.
Pořadí na kvízu
Konečné umístění týmu na tomto kvízu.
Zaznamenané odpovědi
| # | Otázka | Odpověď | Body | Výsledky |
|---|---|---|---|---|
| 1. | Minulý týden projednával Městs... | krabice od banánů, Lidl | 1 | |
| 2. | Slovenská vláda schválila plán... | medvěd | 0 | |
| 3. | Jak se jmenuje seriál, do něho... | Harry Potter, HBO (Max) | 0 | |
| 4. | Jak se jmenuje horská chata le... | Luční bouda | 0 | |
| 5. | Dvojnásobná grandslamová šampi... | Jiří Novák | 0 | |
| 6. | Fanoušci komiksů, sci-fi, fant... | cosplay | 1 | |
| 7. | Jak se jmenuje zvíře, které je... | Garfield | 1 | |
| 8. | Jedním z nejoblíbenějších komi... | 1D 2B 3C 4A | 1 | |
| 9. | Jak se jmenuje muž, který nakr... | Štěpán Mareš | 1 | |
| 10. | V současné době vychází v komi... | Karel Jaromír Erben, Kytice | 0 |